000 00738nam a2200265Ia 4500
003 OSt
005 20221007110448.0
006 a|||||r|||| 00| 0
007 ta
008 221006b |||||||| |||| 00| 0 eng d
020 _a1855217856
024 _a21,181
037 _cTextual
040 _aLCO
_cLCO
_beng
041 _2eng
_aeng
082 _aY12:45:5, N9
100 _aSouth Nigel Ed.
_9707509
245 0 _aYouth Crime, Deviance and Delinquency.2V
260 _aHants
_bDartmouth Publishing Company Limited U.K.
_c1999
300 _a572+595
490 _vVol.- IVol.- I
650 _aDELINQUENCY
_9707510
942 _hY12:45:5, N9
_cTEXL
999 _c1190744
_d1190744